01167nam a22003497a 4500003000400000005001700004008004100021040002200062082001800084100002900102245007000131260002900201300001900230366000800249490002500257505001900282505001700301505001500318505001700333505001600350505001500366505003700381505006200418505001700480650004100497650004400538650005500582650004800637650004300685650004500728651004400773OSt20230518134709.0221006b |||||||| |||| 00| 0 eng d cBiblioteca Lado V a701.18bA658t aAraeen, Rasheedeeditora aThird Text/bCritical Perspectives on Contemporary Art & Culture/ bRoutledgec2002aLondres c19x25cma332p. espa a3v60v16x0952-8822 aTatehata Akira aDavid Clarke aOlu Oguibe aXiaoping Lin aMaria Brown aDJ Huppatz aForumgDavid Craven Osman Jamal aReviewsgChristopher Jones Michael Asbury Haifa Hammami aContributors 2Tesauro de Arte & ArquitecturaaARTE 2Tesauro de Arte & ArquitecturaaCRITICA 2Tesauro de Arte & ArquitecturaaARTE CONTEMPORANEO 2Tesauro de Arte & ArquitecturaaAPRECIACION 2Tesauro de Arte & ArquitecturaaTEORIA 2Tesauro de Arte & ArquitecturaaANALISIS 2Tesauro de Arte & ArquitecturaaLONDRES